00774nam a2200253 a 4500001001300000003000900013005001700022008004100039020002300080082001300103100001800116245006200134260004600196300000900242500003500251505001000286650002500296650002200321700001800343902000800361942000700369952012900376999001500505nice12345678IN_TiNIC20260116013115.0050524s1983 newa grp 000 0 eng  a0684117 c29900a291bSMA aSmart, Ninian aWorldveiwsb Crosscultural Explorations of Human Beliefs. aNew YorkbCharles Scribner`s Sons, c1983 a190p aincludes index and biblioraphy2 aIndex aComparative Religion aPhilosophy-Modern1 aSmart, Ninian bSRS cBK 001040708StackRoom-aHMIbHMId2012-10-11g299.00l1m1o291 SMAp019317r2017-09-20s2017-08-21v299.00w2005-05-24yBK c9679d9679